000 00974nam a2200265Ia 4500
003 GCL
008 140319s9999 xx 000 0 ara d
020 _a8543232977
040 _aGCL /
_cGCL
082 0 4 _a370.152
_bم ت
100 1 _aمجدى عزيز ابراهيم
245 1 0 _aالتفكير لتطوير الابداع وتنمية الذكاء :
_bسيناريوهات تربوية مقترحة /
_cمجدى عزيز ابراهيم
250 _aالاولى
260 _aالقاهرة :
_bعالم الكتب ،
_c2007
300 _a622 ص ؛
_c24 سم
490 _aسلسلة التفكير والتعليم والتعلم
_v5
650 0 4 _aالوسائل التعليمية
650 0 4 _aالابتكار
650 0 4 _aالتخيل الابداعى
650 0 4 _aالقدرة العقلية
650 0 4 _aالتعليم - اغراضه واهدافه
650 0 4 _aالابداع
650 0 4 _aالتعليم والابداع
942 _2ddc
_cBK
999 _c9720
_d9720